Víc než štěstí : jak nalézt a splnit si své největší přání /

Hlavní autor: Kinslow, Frank J.
Další autoři: Bačová, Andrea, 1966-
Jazyk: Čeština
Vydáno: Olomouc : ANAG, [2017]
Témata:
Fyzický popis: 303 stran ; 22 cm
Knihy
Uloženo v:
LEADER 02112nam a2200565 i 4500
001 nkc20172893456
003 CZ PrNK
005 20221202090617.0
007 ta
008 170419t20172017xr e f 000 0 cze
015 |a cnb002893456 
020 |a 978-80-7554-077-5  |q (brožováno) 
035 |a (OCoLC)989939742 
040 |a OLA001  |b cze  |d ABA001  |e rda 
041 1 |a cze  |h eng 
072 7 |a 615.8  |x Fyzioterapie. Psychoterapie. Alternativní lékařství  |2 Konspekt  |9 14 
080 |a 159.9.016.1  |2 MRF 
080 |a 165.242.1  |2 MRF 
080 |a 615.8-022.214  |2 MRF 
080 |a 17.02  |2 MRF 
080 |a 130.33-025.18  |2 MRF 
080 |a (0.062)  |2 MRF 
100 1 |a Kinslow, Frank J.  |7 mzk2010567324  |4 aut 
240 1 0 |a Beyond happiness.  |l Česky 
245 1 0 |a Víc než štěstí :  |b jak nalézt a splnit si své největší přání /  |c Frank J. Kinslow ; z anglického originálu Beyond happiness: finding and fulfilling your deepest desire přeložila Andrea Bačová 
264 1 |a Olomouc :  |b ANAG,  |c [2017] 
264 4 |c ©2017 
300 |a 303 stran ;  |c 22 cm 
336 |a text  |b txt  |2 rdacontent 
337 |a bez média  |b n  |2 rdamedia 
338 |a svazek  |b nc  |2 rdacarrier 
650 0 7 |a mysl a tělo  |7 ph135558  |2 czenas 
650 0 7 |a sebeuvědomování  |7 ph217729  |2 czenas 
650 0 7 |a autoterapie  |7 ph221954  |2 czenas 
650 0 7 |a životní harmonie  |7 ph138147  |2 czenas 
650 0 7 |a vesmírná harmonie  |7 ph328390  |2 czenas 
650 0 9 |a mind and body  |2 eczenas 
650 0 9 |a self-awareness  |2 eczenas 
650 0 9 |a autotherapy  |2 eczenas 
650 0 9 |a harmony of life  |2 eczenas 
650 0 9 |a cosmic harmony  |2 eczenas 
655 7 |a populárně-naučné publikace  |7 fd131864  |2 czenas 
655 9 |a popular works  |2 eczenas 
700 1 |a Bačová, Andrea,  |d 1966-  |7 xx0173667  |4 trl 
910 2 |a BOA001  |b 2-1387.483 
990 |a BK 
995 |a 01 
991 |b 201705  |c NOV 
996 6 |b 2610706286  |c 2-1387.483  |l MZK  |r Sklad / do 1 hodiny  |n 5  |p p.v.  |w 001610598  |u 000010  |a 1  |e BOA001  |j MZK50  |s P 
996 7 |b 2610922923  |c 2-1387.483  |l Vol.výběr  |r VV 0p  |n 14  |p kup  |h 615.8 KIN  |w 001610598  |u 000020  |a 0  |e BOA001  |j MZK50  |s A